| 000 | 00532nam a22001937a 4500 | ||
|---|---|---|---|
| 003 | NUST - PNEC | ||
| 005 | 20170116180756.0 | ||
| 008 | 150406b xxu||||| |||| 00| 0 eng d | ||
| 020 | _a0907461824 | ||
| 040 | _cLIBRARY | ||
| 082 | _a166.8 MAH | ||
| 100 |
_92105 _aMahmood S.Bashir-ud-din |
||
| 245 |
_aDoomsday and life after death _cS.Bashir-ud-din Mahmood |
||
| 250 | _a- | ||
| 260 |
_aIslamabad _bTa Ha Publishers _cc1987. |
||
| 300 |
_a232 p. : _c21 cm. |
||
| 650 |
_92106 _aIslamic Eschatology _xGeneral |
||
| 942 |
_2ddc _cBK |
||
| 999 |
_c62756 _d62756 |
||